01126 a2200181 45000010006000000050017000060080041000230030015000640400040000790800031001192450045001500200018001952640059002133000019002725050537002911000021008288560095008495699420260407155832.0260407a2001 arg spa dAR-UNSa-BCEJYS aAR-UNSa-BCEJYSbspacAR-UNSa-BCEJYS a330xEconomía en general10aThe invisible heartpan economic romance a0-262-18210-6 1aLondres :bMassachusetts Institute of Technologyc2001 a271 p.c21 cm. a1. Opening day – 2. Beauty and the beast – 3. Danger and delight – 4. Têtê à têtê – 5. Underpaid and overworked – 6. Turning out the lights – 7. Exploting the consumer – 8. Magic finger – 9. The siren´s call – 10. Down and dirty – 11. Out in the cold – 12. The cornered beast – 13. The rules of the game – 14. Serious numbers – 15. Sweet charity – 16. The numbers are Heard – 17. Swimming with the tide – 18. Last class – 19. Repairing the world – 20. Show time – 21. Spare change 1 aRussell, Roberts41uhttps://biblioeco.unsa.edu.ar/pmb/images/libros/L128634.jpgyImagen de portadaqimage/jpeg